| 000 | 00804nam a2200265 i 4500 | ||
|---|---|---|---|
| 001 | bg | ||
| 100 | 1 | _aBARTKOWIAK, Grażyna | |
| 245 | 1 | 0 |
_aPsychologia zarządzania / _cGrażyna Bartkowiak ; Akademia Ekonomiczna w Poznaniu. |
| 250 | _aWyd. 2 poszerz. | ||
| 260 |
_aPoznań : _bWydaw. AE, _c1999. |
||
| 300 |
_a182, [1] s. : _bil. ; _c24 cm. |
||
| 504 | _aBibliogr. | ||
| 650 | 9 | _aPsychologia społeczna | |
| 650 | 9 |
_aZarządzanie _xpsychologia |
|
| 655 | _aPodręczniki akademickie | ||
| 710 | 0 | _aAkademia Ekonomiczna (Poznań) | |
| 020 | _a8387152668 | ||
| 040 | _cBPK | ||
| 041 | 0 | _apl | |
| 080 | _a65.013:316.6](075.8) | ||
| 920 | _a83-87152-66-8 | ||
| 942 | _cKS | ||
| 008 | s pl f |000 0 pol | ||
| 999 |
_c39454 _d39454 |
||
| 856 |
_uhttp://koha.tu.koszalin.pl/cgi-bin/koha/opac-detail.pl?biblionumber=39454 _yKatalog online BPK |
||